000 01074nam a2200289 i 4500
001 bg
003 BPK
005 20190827124814.0
008 060602s2006 pl a f f |000 0 pol
015 _aPB 2006/19247
020 _a8373481516
040 _cBPK
080 _a620.92
080 _a 502.17
080 _a(075.8)
100 1 _aKlugmann-Radziemska, Ewa
_eAutor
245 1 0 _aOdnawialne źródła energii :
_bprzykłady obliczeniowe /
_cEwa Klugmann-Radziemska.
260 _aGdańsk :
_bWydawnictwo Politechniki Gdańskiej,
_c2006.
300 _a100 s. :
_bil. ;
_c24 cm.
504 _aBibliogr. s. 99-100.
521 8 _aDla studentów Wydz. Chemicznego oraz Wydz. Fizyki Technicznej i Matematyki Stosowanej PG (specjalność: Fizyka i Technika Konwersji Energii).
655 4 _aPodręczniki akademickie
650 4 _aOdnawialne źródła energii
710 2 _aPolitechnika Gdańska.
_bWydawnictwo.
_4pbl.
856 _uhttp://koha.tu.koszalin.pl/cgi-bin/koha/opac-detail.pl?biblionumber=52305
_yKatalog online BPK
942 _2UKD
_cKS
999 _c52305
_d52305